000 00345nam a2200145Ia 4500
999 _c121
_d121
003 OSt
008 191201s2011 xx 000 0 und d
100 _aJAWA, Ishan
245 0 _aNeural Networks and Fuzzy Logic
250 _a1st
260 _aAmbala Cant
_bIshan Publications
_c2011
300 _a184
650 _aB.Tech(CSE)
942 _2ddc
_cBK
_02